LEADER 00677nam a2200169 i 4500 001 000000214111 003 CaOOAMICUS 005 20120622000000.0 008 120622s1886 xx u000 u lat u 013 $a192966 040 $aSeMil$bita 245 10$aVol. 2. 300 $aXXI, 289, 6. p. 773 0 $aOrlando, Antonino$tVeritas catholicae fidei in selectas theses exposita et comprobata contra errores in syllabo proscriptos ex plurimis Pio 9. documentis.$dPanormi : Ex Typographia Pontificia, 1885-1886.$g2$w()26941 850 $aSeMil 852 $aSeMil$W1$xVenegono$y1$m2A III 46 FA$j164539$B164539$CSeMilBibl$Z2$F175525 $8I 996 $6245$aVol. 2$9(OLS)http://semarc/title/13458 LEADER 01051nam a2200253 i 4500 001 000000115034 003 CaOOAMICUS 005 20030509000000.0 008 030509s1981 it u000 u ita u 013 $a87722 040 $aSeMil$bita 100 1 $aGarofalo, Salvatore .$0(OLS)http://semarc/name/1269 245 10$aCon il Battista incontro a Cristo /$criflessioni di Salvatore Garofalo sul Vangelo. 260 $aMilano :$bĀncora,$ccopyr. 1981. 300 $a139 p. ;$c20 cm. 500 $aFondo Card. C.M. Martini. 650 4$aGesų - Relazione [con] Giovanni Battista.$0(OLS)http://semarc/subject/20787 650 4$aGiovanni Battista - Meditazioni.$0(OLS)http://semarc/subject/21011 850 $aSeMil 852 $aSeMil$W1$xVenegono$y1$m3F III 215$j70572$B70572$CSeMilBibl$Z2$F100767 $81 941 1 $a4 961 $aOmaggio: Martini Card. Carlo Maria 996 $6245$aCon il Battista incontro a Cristo$9(OLS)http://semarc/title/168337 996 $6260$aMilano :$bĀncora$9(OLS)http://semarc/publisher/29763